[Event "7. LGA Premium Cup"]
[Site "Nürnberg"]
[Date "2010.09.05"]
[Round "6.5"]
[White "Buhmann, Rainer"]
[Black "Farago, Ivan"]
[Result "1-0"]
[WhiteElo "2563"]
[BlackElo "2420"]
[PlyCount "133"]
[EventDate "2010.09.02"]
[WhiteTeam "SV Hockenheim"]
[BlackTeam "SC Rottal"]

1. Nf3 d5 2. d4 Nf6 3. c4 e6 4. g3 Bb4+ 5. Bd2 Bd6 6. Bg2 O-O 7. O-O c6 8. Qc2
Nbd7 9. b3 Ne4 10. Bc1 Qe7 11. Ne1 e5 12. cxd5 cxd5 13. Bb2 b6 14. dxe5 Nxe5
15. Nc3 Nxc3 16. Qxc3 Bb7 17. Nd3 Rac8 18. Qd4 Rc2 19. Rfe1 f6 20. Bxd5+ Bxd5
21. Qxd5+ Nf7 22. Qf3 Ng5 23. Qd5+ Nf7 24. Qf3 Ng5 25. Qg4 Re8 26. h4 Qe4 27.
Qxe4 Nxe4 28. Rac1 Rd2 29. Kf1 Nc5 30. Nxc5 Rxb2 31. Nd3 Rxa2 32. Rc6 Bf8 33.
h5 Ra3 34. Rb1 Ra2 35. Nf4 Rd2 36. Rbc1 Bc5 37. e3 Kf7 38. Rc4 a5 39. Rc3 Red8
40. Rc7+ R8d7 41. Rxd7+ Rxd7 42. Ke2 Bd6 43. Rc6 Bxf4 44. gxf4 Rd5 45. h6 gxh6
46. Rxb6 h5 47. e4 Rc5 48. f5 h4 49. Rb7+ Kg8 50. b4 Rc4 51. bxa5 Rxe4+ 52. Kf3
Ra4 53. Ra7 h5 54. a6 Kf8 55. Kg2 Ke8 56. Kh3 Kd8 57. f4 Kc8 58. Rf7 Rxa6 59.
Kxh4 Ra5 60. Rxf6 Kd7 61. Kxh5 Ke7 62. Kg6 Ra4 63. Rb6 Rxf4 64. f6+ Kd7 65. Kf7
Rh4 66. Rb2 Rd4 67. Rg2 1-0

[Event "7. LGA Premium Cup"]
[Site "Nürnberg"]
[Date "2010.09.05"]
[Round "6.6"]
[White "Renner, Christoph"]
[Black "Milov, Leonid"]
[Result "0-1"]
[WhiteElo "2420"]
[BlackElo "2561"]
[PlyCount "82"]
[EventDate "2010.09.02"]
[WhiteTeam "FC Bayern München e.V."]
[BlackTeam "SC Noris-Tarrasch Nürnberg 1873"]

1. e4 c5 2. d3 Nc6 3. g3 g6 4. Bg2 Bg7 5. Nc3 d6 6. Be3 Rb8 7. Qd2 b5 8. Nf3 b4
9. Nd1 e5 10. O-O h6 11. a3 a5 12. c3 bxc3 13. bxc3 Nge7 14. h3 Qb6 15. Ra2 Be6
16. Rb2 Bb3 17. Nh2 a4 18. f4 exf4 19. gxf4 f5 20. exf5 gxf5 21. Bf2 O-O 22.
Ne3 Qa5 23. Be1 d5 24. Qf2 Qd8 25. Kh1 Qd6 26. Re2 d4 27. cxd4 Nxd4 28. Rd2 Kh7
29. Nc4 Bxc4 30. dxc4 Rb3 31. Nf3 Rxa3 32. Qh4 Ng6 33. Qh5 Nxf4 34. Ng5+ Kg8
35. Rxf4 Qxf4 36. Bd5+ Kh8 37. Rg2 Ra1 38. Nf7+ Rxf7 39. Qxf7 Rxe1+ 40. Rg1
Rxg1+ 41. Kxg1 Qb8 0-1

[Event "7. LGA Premium Cup"]
[Site "Nürnberg"]
[Date "2010.09.05"]
[Round "6.7"]
[White "Bischoff, Klaus"]
[Black "Gutman, Lev"]
[Result "1-0"]
[WhiteElo "2553"]
[BlackElo "2419"]
[PlyCount "119"]
[EventDate "2010.09.02"]
[WhiteTeam "Sportfreunde Katernberg 1913 e.V"]
[BlackTeam "SC Melle 03"]

1. Nf3 Nf6 2. c4 g6 3. b3 Bg7 4. Bb2 O-O 5. g3 c6 6. d3 b5 7. Nbd2 bxc4 8. bxc4
Qb6 9. Rb1 Ng4 10. d4 d5 11. Bc3 Qd8 12. Bg2 Bf5 13. Rc1 Nd7 14. O-O Qb6 15.
Qa4 Qb7 16. Nh4 Nb6 17. Qa3 Bc8 18. h3 Nf6 19. c5 Nbd7 20. Nhf3 Qa6 21. Qxa6
Bxa6 22. Rfe1 Rab8 23. e3 e6 24. Bf1 Bxf1 25. Kxf1 Rfc8 26. Red1 Kf8 27. Nb3
Ng8 28. g4 h6 29. Ne1 g5 30. Nd3 f5 31. Nb4 Ne7 32. Na6 Rb5 33. Rb1 Nb8 34. Nb4
Nd7 35. a4 Rbb8 36. Na6 Rb7 37. Na5 Rxb1 38. Rxb1 fxg4 39. hxg4 Nf6 40. f3 h5
41. gxh5 g4 42. fxg4 Nxg4 43. Ke2 e5 44. Rb8 Re8 45. Rxe8+ Kxe8 46. Nb8 Nxe3
47. Nbxc6 exd4 48. Bxd4 Bxd4 49. Nxd4 Ng4 50. Nac6 Nc8 51. Kf3 Nf6 52. h6 Kf7
53. Ne5+ Kg8 54. Nf5 Ne4 55. c6 a5 56. c7 Kh7 57. Kf4 Nc5 58. Nf7 d4 59. Ng5+
Kh8 60. Nh4 1-0

[Event "7. LGA Premium Cup"]
[Site "Nürnberg"]
[Date "2010.09.05"]
[Round "6.9"]
[White "Tischbierek, Raj"]
[Black "Eisenbeiser, Amadeus"]
[Result "0-1"]
[WhiteElo "2451"]
[BlackElo "2397"]
[PlyCount "72"]
[EventDate "2010.09.02"]
[WhiteTeam "FC Bayern München e.V."]
[BlackTeam "BG Buchen"]

1. e4 d6 2. g3 e5 3. Bg2 g6 4. Ne2 Bg7 5. d4 Ne7 6. Nbc3 O-O 7. Be3 c6 8. O-O
Nd7 9. a4 f5 10. dxe5 Nxe5 11. f4 Ng4 12. Bd4 Bxd4+ 13. Qxd4 fxe4 14. Nxe4 Nf5
15. Qc3 Nge3 16. Rfe1 d5 17. Ng5 d4 18. Qb3+ Kg7 19. Be4 Qd6 20. Bxf5 Nxf5 21.
Rad1 c5 22. g4 Ne7 23. Qg3 Nd5 24. c3 h6 25. Ne4 Qe7 26. cxd4 Qxe4 27. Nc3 Nxc3
28. Rxe4 Nxe4 29. Qf3 Ng5 30. Qe3 Bxg4 31. fxg5 Bxd1 32. Qh3 Bh5 33. Qd7+ Kg8
34. Qxb7 hxg5 35. Qd5+ Kh7 36. Qxg5 Rac8 0-1

[Event "7. LGA Premium Cup"]
[Site "Nürnberg"]
[Date "2010.09.05"]
[Round "6.10"]
[White "Hector, Jonny"]
[Black "Jahnel, Günther"]
[Result "1-0"]
[WhiteElo "2592"]
[BlackElo "2320"]
[PlyCount "135"]
[EventDate "2010.09.02"]
[WhiteTeam "Schachklub Turm Emsdetten e.V."]
[BlackTeam "SC Hoyerswerda"]

1. e4 d6 2. d4 Nf6 3. Nc3 g6 4. f4 Bg7 5. Nf3 c5 6. dxc5 Qa5 7. Qd4 dxc5 8. Qc4
O-O 9. e5 Ng4 10. h3 Nh6 11. Be3 Na6 12. Qb5 Qxb5 13. Bxb5 b6 14. g4 Bb7 15.
Kf2 Nb4 16. Rhc1 Rfd8 17. a3 Nd5 18. Nxd5 Bxd5 19. Be2 f6 20. c4 Be6 21. exf6
exf6 22. Rg1 Kf8 23. b4 Rac8 24. bxc5 bxc5 25. Rab1 Rc7 26. Rb5 Rdc8 27. Ra5
Nf7 28. Rd1 Ke7 29. Ra6 Rb7 30. f5 gxf5 31. gxf5 Bxf5 32. Rd5 Ne5 33. Rxc5 Bxh3
34. Nxe5 fxe5 35. Bf3 Rbc7 36. Bg5+ Ke8 37. Rxc7 Rxc7 38. Rd6 Bd7 39. c5 Bf5
40. Bd5 Rc8 41. c6 e4 42. c7 Bd7 43. Bf7+ Kxf7 44. Rxd7+ Kg6 45. Bf4 Bf6 46.
Ke3 Re8 47. Rd6 Kf5 48. Rc6 Rc8 49. Rc5+ Kg4 50. Kxe4 h5 51. Be5 Be7 52. Rc3 h4
53. Kd5 Bd8 54. cxd8=R Rxd8+ 55. Ke4 Rd2 56. Rc7 Re2+ 57. Kd5 a5 58. Rc4+ Kf5
59. Rf4+ Kg5 60. Rf3 Kg4 61. Rf4+ Kg5 62. Rf8 h3 63. Ke6 Kh4 64. Kf5 Rxe5+ 65.
Kxe5 h2 66. Rh8+ Kg3 67. Kd4 Kg2 68. Kc5 1-0

[Event "7. LGA Premium Cup"]
[Site "Nürnberg"]
[Date "2010.09.05"]
[Round "6.12"]
[White "Bindrich, Falko"]
[Black "Safyanowsky, Mark"]
[Result "1-0"]
[WhiteElo "2507"]
[BlackElo "2301"]
[PlyCount "59"]
[EventDate "2010.09.02"]
[WhiteTeam "SC Eppingen"]
[BlackTeam "SC Dillingen"]

1. Nf3 Nf6 2. c4 e6 3. g3 d5 4. d4 dxc4 5. Bg2 Bd7 6. Ne5 Bc6 7. Nxc6 Nxc6 8.
Qa4 Qd7 9. Qxc4 Nxd4 10. O-O b5 11. Qd3 Rd8 12. Be3 Bc5 13. Rc1 Bb6 14. Bxd4
Qxd4 15. Qxb5+ Ke7 16. e3 Qd3 17. Qxd3 Rxd3 18. Na3 Ng4 19. Nc4 Kf6 20. b4 c5
21. a4 Rdd8 22. h3 Ne5 23. Nxb6 axb6 24. bxc5 bxc5 25. Rxc5 Rd2 26. Rc2 Rhd8
27. Rxd2 Rxd2 28. a5 Nd3 29. a6 Nxf2 30. Bb7 1-0

[Event "7. LGA Premium Cup"]
[Site "Nürnberg"]
[Date "2010.09.05"]
[Round "6.13"]
[White "Bromberger, Stefan"]
[Black "Seyb, Alexander"]
[Result "0-1"]
[WhiteElo "2530"]
[BlackElo "2294"]
[PlyCount "78"]
[EventDate "2010.09.02"]
[WhiteTeam "FC Bayern München e.V."]
[BlackTeam "SC Forchheim e.V."]

1. e4 e5 2. Nf3 Nc6 3. Bb5 a6 4. Ba4 Nf6 5. O-O Be7 6. Re1 b5 7. Bb3 d6 8. c3
O-O 9. h3 Na5 10. Bc2 c5 11. d4 Qc7 12. Nbd2 Bd7 13. Nf1 Nc4 14. b3 Nb6 15. Ne3
c4 16. bxc4 Nxc4 17. Nxc4 bxc4 18. Ba3 Rfe8 19. Rb1 Bf8 20. Nd2 Rec8 21. Qe2 g6
22. Qf3 exd4 23. cxd4 Bg7 24. Bb4 c3 25. Nf1 a5 26. Ba3 Be6 27. d5 Bd7 28. Ne3
Ne8 29. Qe2 Be5 30. h4 h5 31. g3 Nf6 32. Bd3 Bd4 33. Nc4 Bg4 34. Qc2 Bf3 35.
Bf1 Ng4 36. Bxd6 Qa7 37. Ne3 Nxe3 38. fxe3 Bxe3+ 39. Kh2 Bg1+ 0-1

[Event "7. LGA Premium Cup"]
[Site "Nürnberg"]
[Date "2010.09.05"]
[Round "6.14"]
[White "Seifert, Volker"]
[Black "Henrichs, Thomas"]
[Result "1-0"]
[WhiteElo "2332"]
[BlackElo "2507"]
[PlyCount "91"]
[EventDate "2010.09.02"]
[WhiteTeam "USV TU Dresden"]
[BlackTeam "Schachclub Hansa Dortmund e.V."]

1. d4 Nf6 2. c4 g6 3. Nc3 d5 4. Bf4 Bg7 5. e3 c5 6. dxc5 Qa5 7. Rc1 dxc4 8.
Bxc4 O-O 9. Nge2 Qxc5 10. Qb3 Nc6 11. Nb5 Qh5 12. Ng3 Qh4 13. Nc7 e5 14. Bg5
Qxg5 15. Nxa8 h5 16. h4 Qg4 17. Qd1 Qxd1+ 18. Rxd1 Bg4 19. f3 Rxa8 20. fxg4
Nxg4 21. Rd7 Nxe3 22. Bxf7+ Kh7 23. Ne4 Nxg2+ 24. Kf2 Nf4 25. Rhd1 Nd4 26. Rxb7
Kh6 27. Bc4 Rf8 28. Rf7 Rxf7 29. Bxf7 Nf5 30. b4 Nxh4 31. b5 Nf5 32. Rd7 h4 33.
Rxa7 h3 34. Kg1 Bf8 35. Ra6 Kh5 36. b6 Kh4 37. Kh1 Bc5 38. Bc4 Bxb6 39. Rxb6 g5
40. Rb3 g4 41. a4 g3 42. Nxg3 Nxg3+ 43. Kh2 Ne4 44. a5 Nf2 45. Rg3 Nh5 46. Rg8
1-0

[Event "7. LGA Premium Cup"]
[Site "Nürnberg"]
[Date "2010.09.05"]
[Round "6.15"]
[White "Lauer, Moritz"]
[Black "Zaragatski, Ilja"]
[Result "0-1"]
[WhiteElo "2298"]
[BlackElo "2490"]
[PlyCount "126"]
[EventDate "2010.09.02"]
[WhiteTeam "SV Puschendorf"]
[BlackTeam "Sportfreunde Katernberg 1913 e.V"]

1. e4 e6 2. d4 d5 3. e5 c5 4. c3 Nc6 5. Nf3 Nge7 6. Na3 cxd4 7. cxd4 Bd7 8. Be2
Nf5 9. Nc2 Qb6 10. O-O Na5 11. Ne3 Nxe3 12. fxe3 Be7 13. Ne1 O-O 14. Nd3 Bb5
15. b3 Nc6 16. Bb2 a5 17. Rf2 a4 18. Rb1 a3 19. Bc3 Rac8 20. Rc1 Rc7 21. Bf1
Bg5 22. Bd2 Bh4 23. Rf3 Be7 24. Rg3 Qa6 25. Qg4 g6 26. Nf4 Nxe5 27. Bxb5 Rxc1+
28. Bxc1 Nxg4 29. Bxa6 bxa6 30. Rxg4 Rc8 31. Nd3 Rc3 32. Kf1 Rxd3 33. Ke2 Rc3
34. Kd2 Rc6 35. Rf4 f5 36. Rf1 h5 37. Kd3 Kg7 38. Bd2 g5 39. h3 Kg6 40. Rg1 Rc8
41. Rb1 g4 42. b4 Rb8 43. Rb3 Kf7 44. Bc3 Kf6 45. Bd2 Rb5 46. Ke2 Bd6 47. Rxa3
Bxb4 48. Bxb4 Rxb4 49. Rxa6 f4 50. hxg4 fxe3 51. g5+ Kf5 52. Kd3 Rxd4+ 53. Kxe3
Re4+ 54. Kf3 Kxg5 55. g3 Kf5 56. Ra8 Rc4 57. Rf8+ Ke5 58. Rh8 Rc3+ 59. Ke2 Rxg3
60. Rxh5+ Kd6 61. Rh2 d4 62. Kd1 Kd5 63. Rb2 Rg1+ 0-1

[Event "7. LGA Premium Cup"]
[Site "Nürnberg"]
[Date "2010.09.05"]
[Round "6.16"]
[White "Hirneise, Tobias"]
[Black "Schöneberg, Manfred"]
[Result "1/2-1/2"]
[WhiteElo "2436"]
[BlackElo "2263"]
[PlyCount "70"]
[EventDate "2010.09.02"]
[WhiteTeam "Schachverein Wattenscheid 1930"]
[BlackTeam "SV Lok Leipzig-Mitte"]

1. e4 c5 2. Nf3 g6 3. d4 Bg7 4. Nc3 cxd4 5. Nxd4 Nc6 6. Be3 Nf6 7. Bc4 d6 8. f3
Qc7 9. Bb3 Bd7 10. Qd2 a6 11. O-O-O b5 12. Nxc6 Bxc6 13. Nd5 Bxd5 14. Bxd5 Nxd5
15. exd5 Rc8 16. h4 h5 17. Kb1 Bf6 18. c3 Qd7 19. Bg5 Kf8 20. Bxf6 exf6 21. Qf4
Kg7 22. g4 hxg4 23. fxg4 Rc4 24. Rd4 g5 25. Qg3 Rxd4 26. cxd4 Rxh4 27. Rxh4
gxh4 28. Qxh4 Qe7 29. Qh1 Qe2 30. Qg1 Kg6 31. a3 Kg5 32. Qc1+ Kxg4 33. Qc6 Qf1+
34. Ka2 Qc4+ 35. Ka1 Qf1+ 1/2-1/2

[Event "7. LGA Premium Cup"]
[Site "Nürnberg"]
[Date "2010.09.05"]
[Round "6.18"]
[White "Stiller, Jürgen"]
[Black "Donchenko, Anatoly"]
[Result "0-1"]
[WhiteElo "2195"]
[BlackElo "2363"]
[PlyCount "71"]
[EventDate "2010.09.02"]
[WhiteTeam "SW Nürnberg Süd e.V."]
[BlackTeam "SK 1858 Gießen"]

1. Nf3 Nf6 2. d4 d6 3. Bg5 Nbd7 4. Nbd2 h6 5. Bh4 g5 6. Bg3 Nh5 7. e4 Bg7 8. c3
c5 9. Nb3 b6 10. Bc4 a6 11. h4 Nxg3 12. fxg3 g4 13. Nfd2 h5 14. Bd5 Ra7 15. O-O
O-O 16. a4 Qc7 17. Kh2 b5 18. axb5 axb5 19. Rxa7 Qxa7 20. dxc5 dxc5 21. Bc6 Qb6
22. Bxd7 Bxd7 23. Qe2 Rc8 24. Qe3 Bh6 25. Qf2 Be6 26. Re1 Qd6 27. Re2 Qe5 28.
Na1 b4 29. cxb4 cxb4 30. Ndb3 Bg7 31. Qf4 Bf6 32. Rd2 Ra8 33. Rc2 Kg7 34. Qe3
Kg8 35. Rc5 Qxb2 36. Rxh5 0-1

[Event "7. LGA Premium Cup"]
[Site "Nürnberg"]
[Date "2010.09.05"]
[Round "6.20"]
[White "Köpke, Christian"]
[Black "Kahlert, Thomas"]
[Result "1-0"]
[WhiteElo "2358"]
[BlackElo "2221"]
[PlyCount "59"]
[EventDate "2010.09.02"]
[WhiteTeam "SC Tarrasch 45 München"]
[BlackTeam "SK Norderstedt von 1975"]

1. e4 e5 2. Nf3 Nc6 3. d4 exd4 4. Nxd4 Nf6 5. Nxc6 bxc6 6. e5 Qe7 7. Qe2 Nd5 8.
c4 Ba6 9. Nd2 g6 10. Nf3 Bg7 11. Bg5 f6 12. exf6 Qxe2+ 13. Bxe2 Nxf6 14. O-O-O
O-O-O 15. Rhe1 Rde8 16. Nd2 d6 17. Nb3 Rhf8 18. Na5 Re5 19. Bxf6 Bh6+ 20. Kb1
Rxa5 21. Bc3 Rg5 22. Bd2 Rxf2 23. Bxg5 Bxg5 24. Bf1 Bf6 25. Re2 Rf4 26. g3 Rd4
27. Rxd4 Bxd4 28. Re7 c5 29. Rxh7 Bb7 30. Bd3 1-0

[Event "7. LGA Premium Cup"]
[Site "Nürnberg"]
[Date "2010.09.05"]
[Round "6.21"]
[White "Schuster, Karsten"]
[Black "Maiwald, Jens-Uwe"]
[Result "0-1"]
[WhiteElo "2226"]
[BlackElo "2483"]
[PlyCount "90"]
[EventDate "2010.09.02"]
[WhiteTeam "SC Gröbenzell"]
[BlackTeam "USV TU Dresden"]

1. d4 d5 2. c4 dxc4 3. Nf3 Nf6 4. e3 Bg4 5. Bxc4 e6 6. Nc3 a6 7. h3 Bh5 8. a4
Nc6 9. O-O Bd6 10. Be2 O-O 11. b3 Nd5 12. Bb2 Bg6 13. Ne1 Ndb4 14. Na2 Nxa2 15.
Rxa2 Qe7 16. Nd3 Rad8 17. Bc3 e5 18. Kh1 exd4 19. exd4 Qf6 20. Ne1 Bb4 21. Bxb4
Nxb4 22. Rd2 c6 23. Nf3 Rd6 24. Qc1 Rfd8 25. Rfd1 Be4 26. Qc5 Nd5 27. Ne5 Qxf2
28. Bf3 Qh4 29. Re2 Bxf3 30. Nxf3 Qg3 31. Rde1 g6 32. Re8+ Kg7 33. R1e4 Nf6 34.
Rxd8 Nxe4 35. Rxd6 Nxc5 36. dxc5 Qf4 37. Rd7 Qc1+ 38. Kh2 Qxc5 39. Rxb7 g5 40.
Rd7 Qe3 41. Nd4 Qe5+ 42. Kh1 c5 43. Nf3 Qe3 44. Rd5 f6 45. Nd2 h5 0-1

[Event "7. LGA Premium Cup"]
[Site "Nürnberg"]
[Date "2010.09.05"]
[Round "6.23"]
[White "Espig, Lutz"]
[Black "Donchenko, Alexander"]
[Result "1-0"]
[WhiteElo "2365"]
[BlackElo "2204"]
[PlyCount "53"]
[EventDate "2010.09.02"]
[WhiteTeam "Schachklub König Plauen"]
[BlackTeam "SK 1858 Gießen"]

1. Nf3 c5 2. c4 Nc6 3. Nc3 g6 4. e3 Bg7 5. d4 d6 6. Be2 Nf6 7. d5 Nb4 8. e4 Bg4
9. O-O O-O 10. Be3 Na6 11. Ne1 Bd7 12. f4 Nc7 13. Qd2 a6 14. h3 b5 15. Bd3 Rb8
16. e5 Nfe8 17. Nf3 Na8 18. b3 Qc8 19. Rae1 Qb7 20. Bf2 Nec7 21. Ne4 Ne8 22.
Neg5 bxc4 23. bxc4 Qb2 24. Qe3 Qa3 25. Nxh7 Rb2 26. Nxf8 Bxf8 27. e6 1-0

[Event "7. LGA Premium Cup"]
[Site "Nürnberg"]
[Date "2010.09.05"]
[Round "6.24"]
[White "Khanukov, Boris"]
[Black "Bauer, Andreas"]
[Result "1/2-1/2"]
[WhiteElo "2361"]
[BlackElo "2199"]
[PlyCount "164"]
[EventDate "2010.09.02"]
[WhiteTeam "Stift. Bahn-Sozialwerk Schachgr."]
[BlackTeam "SC Postbauer-Heng e.V"]

1. d4 d5 2. Nf3 Nc6 3. e3 Bg4 4. h3 Bxf3 5. Qxf3 e6 6. c4 Bb4+ 7. Nc3 Qf6 8.
cxd5 Qxf3 9. gxf3 exd5 10. Rg1 Nge7 11. a3 Bxc3+ 12. bxc3 g6 13. Rb1 O-O-O 14.
a4 Rhe8 15. Bd3 a6 16. Ba3 Ng8 17. f4 f5 18. Kd2 Nf6 19. Kc2 Ne4 20. Rg2 Na5
21. Rh1 Nf6 22. Bc1 Nc4 23. h4 b5 24. axb5 axb5 25. h5 Nxh5 26. Bxf5+ Kb7 27.
Bd3 Nf6 28. f5 gxf5 29. Bxf5 h5 30. Bd3 Rg8 31. Rhg1 Rxg2 32. Rxg2 Rh8 33. f3
h4 34. Bf5 Nd6 35. Bh3 Ra8 36. Kb3 Ra1 37. Kb2 Ra8 38. Rg6 Nc4+ 39. Kb1 Rf8 40.
Be6 c6 41. Rh6 Ne8 42. Bg4 Ned6 43. Rxh4 Re8 44. Rh7+ Kb6 45. Rh6 Kc7 46. Be6
Rf8 47. Bg4 Re8 48. Re6 Rh8 49. e4 dxe4 50. fxe4 Rh1 51. Bf3 Nd2+ 52. Kc2 Nxf3
53. Bf4 Ne1+ 54. Kd2 Nf3+ 55. Ke2 Ng1+ 56. Kd3 Rh3+ 57. Kd2 b4 58. cxb4 Nf3+
59. Kc1 Nxd4 60. Re7+ Kb6 61. Bxd6 Kb5 62. Bc5 Nb3+ 63. Kd1 Nxc5 64. bxc5 Kxc5
65. Rd7 Re3 66. Kd2 Rxe4 67. Rh7 Kc4 68. Rh3 c5 69. Rg3 Rd4+ 70. Kc2 Rf4 71.
Rh3 Rf2+ 72. Kb1 Rg2 73. Rh4+ Kb3 74. Rh3+ Kb4 75. Rf3 c4 76. Rh3 Rf2 77. Rg3
Rh2 78. Rf3 Kc5 79. Rg3 Kd4 80. Rf3 Rh1+ 81. Kc2 Rh2+ 82. Kc1 Rh1+ 1/2-1/2

[Event "7. LGA Premium Cup"]
[Site "Nürnberg"]
[Date "2010.09.05"]
[Round "6.26"]
[White "Grimberg, Boris"]
[Black "Eperjesi, Laszlo"]
[Result "1-0"]
[WhiteElo "2355"]
[BlackElo "2194"]
[PlyCount "121"]
[EventDate "2010.09.02"]
[WhiteTeam "SAbt TSV Haunstetten"]
[BlackTeam "Ungarn"]

1. e4 c6 2. d4 d5 3. Nc3 dxe4 4. Nxe4 Bf5 5. Ng3 Bg6 6. h4 h6 7. Nf3 Nd7 8. h5
Bh7 9. Bd3 Bxd3 10. Qxd3 e6 11. Bd2 Ngf6 12. O-O-O Be7 13. Ne4 Nxe4 14. Qxe4
Nf6 15. Qe2 Qd5 16. c4 Qe4 17. Qxe4 Nxe4 18. Be3 O-O 19. Ne5 Rfc8 20. Rhe1 f5
21. Kb1 Bf6 22. Nd3 Re8 23. f3 Nd6 24. b3 Rad8 25. Bf2 b6 26. Nb4 Rc8 27. Re2
Nb7 28. Kc2 c5 29. dxc5 Nxc5 30. Nd3 Nxd3 31. Rxd3 Kf7 32. f4 Red8 33. Red2
Rxd3 34. Rxd3 Rc7 35. Bd4 Bxd4 36. Rxd4 g6 37. hxg6+ Kxg6 38. Kc3 Kf6 39. b4
Ke7 40. Rd3 Rc8 41. Rh3 Rh8 42. Kd4 Rd8+ 43. Kc3 Rh8 44. a4 a5 45. bxa5 bxa5
46. Kd4 Kd6 47. Rb3 Rg8 48. g3 Kc6 49. Ke5 Kc5 50. Rb5+ Kxc4 51. Kxe6 Rxg3 52.
Rxf5 h5 53. Rxa5 h4 54. Ke5 Rg8 55. Ke4 Rf8 56. Rh5 Re8+ 57. Kf3 Kd4 58. Rxh4
Re3+ 59. Kg4 Ra3 60. Kg5 Ke4 61. Kf6 1-0

[Event "7. LGA Premium Cup"]
[Site "Nürnberg"]
[Date "2010.09.05"]
[Round "6.28"]
[White "Redzepovic, Irfan"]
[Black "Hirn, Oskar"]
[Result "1-0"]
[WhiteElo "2102"]
[BlackElo "2246"]
[PlyCount "83"]
[EventDate "2010.09.02"]
[WhiteTeam "SW Nürnberg Süd e.V."]
[BlackTeam "SC Noris-Tarrasch Nürnberg 1873"]

1. d4 Nf6 2. Nf3 e6 3. Bg5 Be7 4. Nbd2 d5 5. e3 Nbd7 6. Bd3 b6 7. c4 Bb7 8.
cxd5 exd5 9. Bxf6 Bxf6 10. O-O O-O 11. Rc1 c5 12. Bb1 g6 13. Qa4 a6 14. Rfd1 b5
15. Qa3 c4 16. e4 dxe4 17. Nxe4 Be7 18. Qe3 Nf6 19. Ng3 Re8 20. Ne5 Qd5 21. Nf3
Bd6 22. Qh6 Bf8 23. Qh4 Bg7 24. Re1 h6 25. Re5 g5 26. Qh3 Qc6 27. Nf5 Nd7 28.
Ne7+ Rxe7 29. Rxe7 Nf6 30. Rxf7 g4 31. Qg3 Re8 32. Rc7 Qd5 33. Nh4 Qg5 34. f4
Qd5 35. Nf5 Bf8 36. Kh1 h5 37. Rg1 Re2 38. Qh4 Nh7 39. Rxh7 Rxg2 40. Qg5+ Kxh7
41. Ne3+ Rc2+ 42. Nxd5 1-0

[Event "7. LGA Premium Cup"]
[Site "Nürnberg"]
[Date "2010.09.05"]
[Round "6.29"]
[White "Schatz, Christian"]
[Black "Unzicker, Ferdinand"]
[Result "0-1"]
[WhiteElo "2189"]
[BlackElo "2330"]
[PlyCount "82"]
[EventDate "2010.09.02"]
[WhiteTeam "Schachzentrum Fürth 2002"]
[BlackTeam "FC Bayern München e.V."]

1. Nf3 d5 2. d4 c6 3. c4 e6 4. Qc2 Nf6 5. g3 dxc4 6. Qxc4 b5 7. Qb3 Bb7 8. Bg2
Nbd7 9. O-O a6 10. a4 c5 11. axb5 Bd5 12. Qd1 axb5 13. Rxa8 Qxa8 14. Nc3 Bc6
15. Nh4 b4 16. Nb5 Qb7 17. Bxc6 Qxc6 18. Qa4 Be7 19. dxc5 O-O 20. Nf3 Bxc5 21.
Nc3 Qb7 22. Qb5 Qa8 23. Nd1 Rb8 24. Qd3 e5 25. Qb3 h6 26. Be3 Bf8 27. Qc4 Rc8
28. Qb5 Qd5 29. Qa6 Ra8 30. Qd3 Qe6 31. Qb5 Qh3 32. Qc6 Ra1 33. Nd2 e4 34. f3
Ne5 35. Qb7 Nfg4 36. fxg4 Nxg4 37. Qxf7+ Kh7 38. Qf5+ g6 39. Qf7+ Bg7 40. Rf2
Rxd1+ 41. Nf1 Rxf1+ 0-1

[Event "7. LGA Premium Cup"]
[Site "Nürnberg"]
[Date "2010.09.05"]
[Round "6.30"]
[White "Kersten, Uwe"]
[Black "Melzner, Lukas"]
[Result "1-0"]
[WhiteElo "2325"]
[BlackElo "2159"]
[PlyCount "51"]
[EventDate "2010.09.02"]
[WhiteTeam "Kasseler SK 1876"]
[BlackTeam "SK Klosterlechfeld"]

1. e4 e6 2. d4 d5 3. exd5 exd5 4. c4 Nf6 5. Nf3 c6 6. Nc3 h6 7. Bd3 Bd6 8. O-O
O-O 9. h3 dxc4 10. Bxc4 Bf5 11. Ne5 Nbd7 12. Re1 Nb6 13. Bb3 Nbd5 14. Qf3 Bh7
15. Bd2 Bc7 16. Rad1 Bb6 17. Bc1 Qc7 18. Qg3 Kh8 19. Qh4 Nxc3 20. bxc3 Nd5 21.
Ba3 f6 22. Bxf8 Rxf8 23. Nf3 Nxc3 24. Rc1 Ba5 25. Qh5 Bd3 26. Rxc3 1-0

[Event "7. LGA Premium Cup"]
[Site "Nürnberg"]
[Date "2010.09.05"]
[Round "6.32"]
[White "Afek, Yochanan"]
[Black "Huss, Rolf"]
[Result "1-0"]
[WhiteElo "2269"]
[BlackElo "2153"]
[PlyCount "75"]
[EventDate "2010.09.02"]
[WhiteTeam "Hamburger SK von 1830 eV"]
[BlackTeam "SC Fulda"]

1. Nf3 g6 2. e4 Bg7 3. d4 d6 4. Nc3 c6 5. h3 Nf6 6. Bd3 O-O 7. O-O Nbd7 8. Be3
e5 9. Qd2 Re8 10. Rad1 a6 11. Rfe1 Qc7 12. Bh6 Bh8 13. dxe5 dxe5 14. Qe3 b5 15.
Rd2 Nh5 16. Ne2 Nf8 17. g4 Ng7 18. Red1 Nge6 19. c3 Bf6 20. Bc2 Be7 21. Nh2 a5
22. Qg3 a4 23. a3 Nc5 24. Nf3 f6 25. g5 Be6 26. Ned4 Ra7 27. Nf5 Bxf5 28. exf5
e4 29. Qxc7 Rxc7 30. gxf6 Bxf6 31. Nd4 Be5 32. Be3 gxf5 33. Nxf5 Nfe6 34. Kh1
Rf8 35. Nd4 Nf4 36. Rg1+ Kh8 37. Rg4 Ng6 38. h4 1-0

[Event "7. LGA Premium Cup"]
[Site "Nürnberg"]
[Date "2010.09.05"]
[Round "6.33"]
[White "Heidrich, Manfred"]
[Black "Klek, Hanna-Marie"]
[Result "1/2-1/2"]
[WhiteElo "2316"]
[BlackElo "2169"]
[PlyCount "82"]
[EventDate "2010.09.02"]
[WhiteTeam "SC Forchheim e.V."]
[BlackTeam "SC Erlangen 48/88"]

1. c4 Nf6 2. Nc3 g6 3. e4 Bg7 4. d4 O-O 5. Be3 d6 6. f3 Nfd7 7. Qd2 c5 8. Nge2
cxd4 9. Nxd4 Nc6 10. Be2 a5 11. Nc2 a4 12. Rb1 Qa5 13. Nd5 Nc5 14. Qxa5 Rxa5
15. Bd2 Ra7 16. Bc3 f5 17. Bxg7 Kxg7 18. exf5 Bxf5 19. Nde3 Bd3 20. Kd2 Bxe2
21. Kxe2 Rb8 22. Na3 Nd4+ 23. Kd2 b5 24. Nxb5 Nxb5 25. cxb5 Rxb5 26. Nd1 Rab7
27. Kc2 Kf7 28. Nc3 Rb4 29. Rhe1 e6 30. Ne4 Nxe4 31. fxe4 Kf6 32. e5+ dxe5 33.
b3 Rc7+ 34. Kb2 e4 35. Re3 Ke5 36. Rbe1 axb3 37. axb3 Kd5 38. R1e2 Rd4 39. Kb1
e5 40. Kb2 Rb7 41. Kc2 Ra7 1/2-1/2

[Event "7. LGA Premium Cup"]
[Site "Nürnberg"]
[Date "2010.09.05"]
[Round "6.34"]
[White "Mons, Leon"]
[Black "Rotstein, Jefim"]
[Result "0-1"]
[WhiteElo "2178"]
[BlackElo "2310"]
[PlyCount "112"]
[EventDate "2010.09.02"]
[WhiteTeam "SC Forchheim e.V."]
[BlackTeam "Ford-Schachfreunde Köln e.V."]

1. e4 c5 2. Nf3 d6 3. Bb5+ Nd7 4. d4 cxd4 5. Qxd4 Ngf6 6. Bg5 a6 7. Bxd7+ Nxd7
8. O-O Qc7 9. c4 f6 10. Be3 Ne5 11. Nxe5 dxe5 12. Qd3 Be6 13. b3 Rd8 14. Qe2
Qc6 15. Nc3 g6 16. Rad1 Rxd1 17. Rxd1 Bg7 18. c5 O-O 19. b4 b5 20. Nd5 Re8 21.
f3 Kf7 22. Nb6 f5 23. Qc2 Rb8 24. Nd5 f4 25. Bf2 g5 26. Rd2 h5 27. Qd1 Rg8 28.
Nc3 g4 29. Bh4 Bf8 30. Kh1 Bc4 31. Rd8 Qe6 32. Rb8 gxf3 33. Qxf3 Qg4 34. Qxg4
hxg4 35. c6 g3 36. c7 Be6 37. c8=Q Bxc8 38. Rxc8 Rg4 39. h3 Rxh4 40. Rc6 e6 41.
a3 Be7 42. Rc8 Rh7 43. Kg1 Kg6 44. Kf1 Rf7 45. Ke2 Bh4 46. Kf3 Rd7 47. Rc6 Kf7
48. Kg4 Be7 49. h4 Rd3 50. Kh3 f3 51. gxf3 g2 52. Kxg2 Bxh4 53. Rc7+ Kg6 54.
Rc8 Bg5 55. Rg8+ Kf6 56. Rxg5 Kxg5 0-1

[Event "7. LGA Premium Cup"]
[Site "Nürnberg"]
[Date "2010.09.05"]
[Round "6.35"]
[White "Göbel, Constantin"]
[Black "Wagner, Florian"]
[Result "0-1"]
[WhiteElo "2114"]
[BlackElo "2306"]
[PlyCount "70"]
[EventDate "2010.09.02"]
[WhiteTeam "TSV Schott Mainz"]
[BlackTeam "SC Noris-Tarrasch Nürnberg 1873"]

1. e4 c5 2. Nf3 Nc6 3. d4 cxd4 4. Nxd4 e5 5. Nb5 d6 6. N1c3 a6 7. Na3 b5 8. Nd5
Be7 9. c4 b4 10. Nc2 a5 11. Be3 Rb8 12. Qd3 Nf6 13. Rd1 Be6 14. Be2 Rb7 15. Bf3
Bxd5 16. exd5 Na7 17. O-O O-O 18. c5 Nb5 19. c6 Rb8 20. Rc1 Ne8 21. Bg4 Nf6 22.
Bf3 Ne8 23. a4 Nbc7 24. Be4 g6 25. Bh6 Ng7 26. g4 Bg5 27. Bxg5 Qxg5 28. Qg3 h5
29. gxh5 Qxh5 30. Kh1 Qh6 31. f4 f5 32. Bd3 exf4 33. Qxf4 g5 34. Qg3 Rbe8 35.
Rce1 Nh5 0-1

[Event "7. LGA Premium Cup"]
[Site "Nürnberg"]
[Date "2010.09.05"]
[Round "6.36"]
[White "Menacher, Manfred"]
[Black "Schütze, Norman"]
[Result "1/2-1/2"]
[WhiteElo "2290"]
[BlackElo "2181"]
[PlyCount "24"]
[EventDate "2010.09.02"]
[WhiteTeam "SK Kelheim 1920"]
[BlackTeam "SG 1871 Löberitz"]

1. d4 Nf6 2. c4 g6 3. g3 Bg7 4. Bg2 d5 5. cxd5 Nxd5 6. Nf3 Nb6 7. O-O Nc6 8. e3
O-O 9. Nc3 Re8 10. Re1 a5 11. Rb1 a4 12. h3 Ra5 1/2-1/2